Science Quiz

Random Science or Food Quiz

20 Frightening Fruits & Veggies Quiz Stats

 Plays Quiz Updated May 12, 2014

Support Sporcle.
Go Orange.
Score 0/20 Timer 06:00
1 Play Today
% Correct
Corn
98.7%
Banana
96.4%
Pineapple
89.3%
Strawberry
88%
Starfruit
80.7%
Bell pepper
76.5%
Broccoli
74.3%
Onion
64.6%
Brussels sprouts
64%
Peach
63.5%
% Correct
Pomegranate
61.7%
Orange
54.2%
Tomato
43.6%
Spaghetti squash
35.1%
Beet
32.7%
Okra
22.9%
Garlic
20.1%
Passion fruit
12.5%
Persimmon
9.2%
Eggplant
5.3%

You're not logged in!

Compare scores with friends on all Sporcle quizzes.
OR
Log In

From the Vault

Secret Country XXXII

by goc3

Imagine how much raw effort it would take to keep an entire country secret.
Remove Ads.
Support Sporcle.
Get the best of Sporcle when you Go Orange. This ad-free experience offers more features, more stats, and more fun while also helping to support Sporcle. Thank you for becoming a member.

Show Comments

Extras

Top Quizzes Today


Score Distribution

Your Account Isn't Verified!

In order to create a playlist on Sporcle, you need to verify the email address you used during registration. Go to your Sporcle Settings to finish the process.

Report this User

Report this user for behavior that violates our Community Guidelines.

Details: